01759nam a2200325 i 4500001000700000003000700007005001700014007000300031008004100034017005000075020001800125035002200143035001300165040002900178080002100207100002900228245010300257250002800360264003800388300002700426336002200453337003000475338002400505490002600529500001300555520068300568655001201251830002601263852014401289193258SpMaBN20250804062655.0ta200114s2019 sp | |||| 000 f spa  aM 14771-2019bOficina Depósito Legal Madrid a9788417825188 a(OCoLC)1139021583 aa6642182 aSpMaBNbspacSpMaBNerda a821.134.2-31"19"1 aNistal, Gloria4auteaut10aSoñé un caballo blanco en la playa de Bat Yam /cGloria Nistal ; [epílogo de Sonia Cordón] aPrimera edición: 2019 1aMadrid :bSial Pigmalión,c2019 a504 páginas ;c21 cm aTexto2rdacontent asin mediación2rdamedia avolumen2rdacarrier0 aNarrativa Pigmalión aÍndice aMe admira la capacidad de Gloria para abrir su corazón y plasmarlo a la vista de todos, con ese coraje con el que vive la vida y que le ha ayudado a salir de los pozos más profundos y oscuros. Ese coraje que hace que no se deje arrastrar por el miedo, la melancolía o la añoranza por el tiempo pasado, sino que, a base de fuerza de voluntad, salga magullada pero fortalecida de cada bache. Creo que el mayor logro de un libro de viajes es que desees vivir lo que se describe en sus páginas, conocer los rincones y experimentar las experiencias que relatan, y en mi opinión, esta obra lo consigue, con un equilibrio perfecto entre divulgación, aventura e intimismo. 0aNovelas aNarrativa Pigmalión bR. 154661cDEPOJjN-9433xEncuadernación rústica con solapasaES-MaACLgDedicatoria autógrafa de la autorahDonación: Gloria Nistal